000 00984cas a22003137a 4500
005 20220329142318.0
008 000608 ph m p rnn 0 b1eng d
010 _a81468
011 _a82440
035 _a92936
245 0 0 _aCoffee and Cacao
260 0 _aManila, Filipinas :
_bCoffee and cacao institute of the Philippines,
_c19-
300 _av.
310 _aMensual
362 _av.7 n.10, 1964
590 _aBATCH-UPD
_b10
_c20130110
_lUCH01
_h2350
590 _aBATCH-UPD
_b10
_c20130410
_lUCH01
_h1636
590 _aBATCH-UPD
_b10
_c20130914
_lUCH01
_h0804
590 _aCONVERSION
_b10
_c20130109
_lUCH01
_h1345
650 1 4 _aCacao
_xPublicaciones periódicas.
_916969
650 1 4 _aCafé
_xPublicaciones periódicas.
_917191
866 _av.4 n.2,6,8-9 (1961)
866 _av.5 n.2,6 (1962)
866 _av.6 n.1-2 (1963)
866 _av.7 n.3 (1964)
866 _av.7 n.4,6-7,10-11 (1965)
901 _aSE
905 _aLilia Sánchez G.
999 _c81468
_d81468